000 00293nam a22001337a 4500
008 181016b xxu||||| |||| 00| 0 eng d
020 _a9781582552897
041 _aeng
080 _24 ed
_a610
100 _a3
101 _aSHM
245 _aSigns Symptoms
_cJudith.a d
942 _2udc
_cBK
999 _c49884
_d49884